000 00873nam a22002417a 4500
005 20111219102759.0
008 111219t xxu||||| |||| 00| 0 eng d
010 _aENG-104380
020 _a9788175156487
_c250.00
035 _aEN -87913
037 _bDBAD/PUB
040 _aDPL
_bEng
082 _a346.07
100 _936352
_aAggarwal,S.K.
245 _aConcepts of business law :
_cby S.K.Aggarwal
_ba text book for B.Com. (Hons) course of University of Delhi /
260 _aNew Delhi
_bGalgotia Publications
_c2011
270 _a5, Ansari Road, Darya Ganj,
_bNew Delhi
_e110002
300 _axxvi,425p.
_c24cm(pbk)
600 _936476
610 _936477
942 _2ddc
_cEN
_mAGG
_h346.07
999 _c59553
_d59553